La Araucanía: patrimonio arquitectónico rural

Enregistré dans:
Détails bibliographiques
Auteur principal: Serra Freire, Paz (Auteur)
Format: Livre
Langue:espagnol
Publié: Santiago Universidad Autónoma de Chile 2016
Édition:1a. ed
Sujets:
Tags: Ajouter un tag
Pas de tags, Soyez le premier à ajouter un tag!

MARC

LEADER 00000cam a2200000 a 4500
001 UCC2061
003 CL-VaPUC
008 171230e20160000cl |||||||||||||||||spa|d
020 |a 9789563680997 
082 0 4 |a 720.983  |b SER  |2 21 
100 0 |a Serra Freire, Paz  |e author  |9 596205 
245 1 3 |a La Araucanía: patrimonio arquitectónico rural 
250 |a 1a. ed 
300 |a 337 p 
942 |c BK 
945 |d 20171230 00:11:00  |a dcastane 
260 |a Santiago  |b Universidad Autónoma de Chile  |c 2016 
650 0 |a Patrimonio arquitectónico  |9 488599 
650 0 |a Arquitectura chilena  |9 265393 
583 |a last modification  |c 20171230 00:11:00  |k Rodrigo Vera 
999 |c 370362  |d 370360 
952 |0 0  |1 0  |3 erd  |4 0  |6 720_983000000000000_SER_2016  |7 0  |8 A  |9 486770  |a BIBARQ  |b BIBARQ  |i 5444659  |o 720.983 SER 2016  |p 5444659  |r 2025-01-20  |w 2019-11-24  |y BK  |z Catalogado en:20171230  |k ARQ